Vous serez fils du Très-Haut – Luc 6,20-49 (notice n° 1622976)

détails MARC
000 -LEADER
fixed length control field 01928cam a2200169 4500500
005 - DATE AND TIME OF LATEST TRANSACTION
control field 20260111092204.0
041 ## - LANGUAGE CODE
Language code of text/sound track or separate title fre
042 ## - AUTHENTICATION CODE
Authentication code dc
100 10 - MAIN ENTRY--PERSONAL NAME
Personal name Wargnies, Philippe
Relator term author
245 00 - TITLE STATEMENT
Title Vous serez fils du Très-Haut – Luc 6,20-49
260 ## - PUBLICATION, DISTRIBUTION, ETC.
Date of publication, distribution, etc. 2012.<br/>
500 ## - GENERAL NOTE
General note 59
520 ## - SUMMARY, ETC.
Summary, etc. Le «discours dans la plaine» de Luc 6,20-49, plus bref que celui «sur la montagne» de Matthieu 5-7, est moins souvent évoqué. Il se présente dans un cadre narratif différent. Sa situation, ses accents spécifiques, sa cohérence et sa vigueur méritent d’être mieux connus. L’article considère le rapport de ce discours avec ce qui le précède. Puis il en commente le déroulement au fil de quatre sections qu’on peut y distinguer. Il souligne leur articulation, ainsi que la portée décisive de l’invitation à imiter notre Père miséricordieux, dans son lien avec la «règle d’or». L’ensemble du texte aide à interpréter cette dernière dans la perspective lucanienne.
520 ## - SUMMARY, ETC.
Summary, etc. The «discourse in the plain» from Luke 6,20-49, shorter than that of Matthew (5-7) «on the mountain», is less frequently referred to. It is presented in a different narrative framework. Its position, its specific overtones, its coherence and its vigour deserve to be better known. The article considers the relationship of this discourse with what precedes it. Then it comments on its progress in the course of four sections which may be distinguished within it. The article emphasises their structure as well as the decisive bearing of the invitation to imitate our merciful Father, in its connection with the «golden rule». The totality of the text helps to interpret this rule in Luke’s perspective.
786 0# - DATA SOURCE ENTRY
Note Nouvelle revue théologique | 134 | 1 | 2012-01-01 | p. 3-20 | 0029-4845
856 41 - ELECTRONIC LOCATION AND ACCESS
Uniform Resource Identifier <a href="https://shs.cairn.info/revue-nouvelle-revue-theologique-2012-1-page-3?lang=fr&redirect-ssocas=7080">https://shs.cairn.info/revue-nouvelle-revue-theologique-2012-1-page-3?lang=fr&redirect-ssocas=7080</a>

Pas d'exemplaire disponible.

PLUDOC

PLUDOC est la plateforme unique et centralisée de gestion des bibliothèques physiques et numériques de Guinée administré par le CEDUST. Elle est la plus grande base de données de ressources documentaires pour les Étudiants, Enseignants chercheurs et Chercheurs de Guinée.

Adresse

627 919 101/664 919 101

25 boulevard du commerce
Kaloum, Conakry, Guinée

Réseaux sociaux

Powered by Netsen Group @ 2025